|
|
|
|
| LEADER |
00000nam0a2200000 4500 |
| 001 |
99628 |
| 005 |
20260408164519.0 |
| 010 |
|
|
|a 5769517344
|
| 035 |
|
|
|a (RuTPU)RU\TPU\book\106971
|
| 090 |
|
|
|a 99628
|
| 100 |
|
|
|a 20060710d2004 m y0rusy50 ca
|
| 101 |
0 |
|
|a rus
|
| 102 |
|
|
|a RU
|
| 105 |
|
|
|a y j 001zy
|
| 200 |
1 |
|
|a Методика и технологии работы социального педагога
|e учебное пособие для вузов
|f под ред. М. А. Галагузовой, Л. В. Мардахаева
|
| 210 |
|
|
|a Москва
|c Академия
|d 2004
|
| 215 |
|
|
|a 192 с.
|
| 225 |
1 |
|
|a Высшее профессиональное образование. Социальная работа
|
| 320 |
|
|
|a Библиография в конце глав.
|
| 330 |
|
|
|a В учебном пособии представлены теоретические основы разработки и реализации социально-педагогических технологий, а также различные технологические подходы к решению наиболее типичных на сегодняшний день социально-педагогических проблем. При этом даются не только технологии работы социального педагога в различных учреждениях, но и социально-педагогические технологии, используемые в профессиональной деятельности других специалистов социальной сферы. Для студентов высших учебных заведений, обучающихся на факультетах социальной педагогики и социальной работы. Может быть полезно также преподавателям вузов и колледжей, слушателям системы дополнительного социального образования, практическим работникам.
|
| 606 |
1 |
|
|a Педагогика общая
|2 stltpush
|3 (RuTPU)RU\TPU\subj\48422
|9 67292
|
| 610 |
1 |
|
|a педагогика
|
| 610 |
1 |
|
|a социальная педагогика
|
| 610 |
1 |
|
|a социальные педагоги
|
| 610 |
1 |
|
|a методика
|
| 610 |
1 |
|
|a технологии
|
| 610 |
1 |
|
|a школы
|
| 610 |
1 |
|
|a семья
|
| 610 |
1 |
|
|a профилактика
|
| 610 |
1 |
|
|a учебные пособия
|
| 686 |
|
|
|a Ч31я73
|2 rubbk
|
| 702 |
|
1 |
|a Галагузова
|b М. А.
|g Минненур Ахметхановна
|4 340
|
| 702 |
|
1 |
|a Мардахаев
|b Л. В.
|g Лев Владимирович
|4 340
|
| 801 |
|
1 |
|a RU
|b 63413507
|c 20060710
|g PSBO
|
| 801 |
|
2 |
|a RU
|b 63413507
|c 20130415
|g PSBO
|
| 942 |
|
|
|c BK
|